| 000 | 00826nam a2200253Ia 4500 | ||
|---|---|---|---|
| 003 | OSt | ||
| 005 | 20221005112933.0 | ||
| 006 | a|||||r|||| 00| 0 | ||
| 007 | ta | ||
| 008 | 221004b |||||||| |||| 00| 0 pan d | ||
| 020 |
_a9788175992291 (hbk) _c100 |
||
| 024 | _a7460 | ||
| 037 |
_b679, 04/06/2013, H.K. Prakashan _cTextual |
||
| 040 |
_aCRL _cCRL _bpan |
||
| 041 |
_2pan _apan |
||
| 082 | _aO153,1N291x, Q1 | ||
| 100 | _aਪ੍ਰਭਜੇਤ ਕੈਰ | ||
| 245 | 0 | _aਕਰਕ ਰਲੇਜੇ ਮਾਹਿ | |
| 260 |
_aਦਿੱਲੀ _bਨਵਯੁਗ ਭਾਰਤ _c2011 |
||
| 300 |
_a79ਪੰ _ccm. |
||
| 650 | _aਪੰਜਾਬੀ ਸਾਹਿਤ | ||
| 942 |
_hO153,1N291x, Q1 _cTEXL _2cc |
||
| 999 |
_c1026487 _d1026487 |
||